LEADER 02445nam2 22003253i 450 001 VAN0113898 005 20180122025206.651 012 $2fei$aI.um ).ta v.e- de(I (C) 1769 (Q)$5VAN 100 $a20180122d1769 |0itac50 ba 101 $aita 102 $aIT 140 $a||||||||| ||||||||| 200 1 $aˆ<<‰Dell'istoria ecclesiastica antica e moderna dalla nascita di Gesu' Cristo sino al principio del presente secolo 18.>> 1.5 205 $a[In Napoli : si dispensa dal librajo Giulio Giannini rimpetto il Gran Teatro Reale, 1769] 210 $a[2]$d1749-2253, [1] p. ; 4º 215 $aTitolo dell'occhietto: Dell'istoria ecclesiastica antica e moderna dalla nascita di Gesu' Cristo sino al principio del presente secolo 18. Vol. 1. Tom. 5 461 1$1001VAN0113887$12001 $aDell'istoria ecclesiastica antica e moderna dalla nascita di Gesu' Cristo sino al principio del presente secolo 18. In cui si considerano la di lei origine, li progressi &c. nella loro connessione collo stato delle lettere, e della filosofia ... compilata dal dottor Giovan Lorenzo Mosemio ... . Illustrata con dotte note critiche da Archibaldo Maclaine in piu' luoghi ... . Tralata dalla lingua inglese nell'idioma toscano dal sig. barone d. Patrizio Roselli, e riveduta ... dal revisore ecclesiastico d. Giulio Lorenzo Selvaggi, ... $1205 $aIn Napoli : si dispensa dal librajo Giulio Giannini rimpetto il Gran Teatro Reale, 1769$1210 $a9 volumi$a4º$1215 $aNel titolo il numero 18. è espresso: XVIII$v1.5 620 $dNapoli$3VANL000005 700 1$aMosheim$bJohann Lorenz$f1693-1755$3VANV087979$0546803 702 1$aRoselli$bPatrizio$3VANV087980$4730 702 1$aMaclaine$bArchibald$3VANV087982 712 02$aGiannini, Giulio$3VANV087983 790 1$aMoshemius, Johannes Laurentius$zMosheim, Johann Lorenz <1693-1755>$3VANV087984 801 $aIT$bSOL$c20231124$gRICA 856 4 $uhttps://books.google.it/books?id=ZeaQeoXtVbsC&printsec=frontcover&hl=it#v=onepage&q&f=false$zVolume digitalizzato. 899 $aBIBLIOTECA DEL DIPARTIMENTO DI GIURISPRUDENZA$1IT-CE0105$2VAN00 912 $aVAN0113898 950 $aBIBLIOTECA DEL DIPARTIMENTO DI GIURISPRUDENZA$d00LAURIA BL.700.261 1.5 $e00BL 5665 20180122 996 $aDell'istoria ecclesiastica antica e moderna dalla nascita di Gesu' Cristo sino al principio del presente secolo 18. 1.5$91521110 997 $aUNICAMPANIA LEADER 01993nam0 22004333i 450 001 VAN00288311 005 20250929091029.289 017 70$2N$a9789811052545 100 $a20250305d2017 |0itac50 ba 101 $aeng 102 $aSG 105 $a|||| ||||| 181 $ai$b e 182 $ab 183 $acr 200 1 $aReactive Oxygen Species and Antioxidant Systems in Plants: Role and Regulation under Abiotic Stress$fM. Iqbal R. Khan, Nafees A. Khan editors 210 $aSingapore$cSpringer$d2017 215 $aXIII, 329 p.$cill.$d24 cm 620 $aSG$dSingapore$3VANL000061 676 $a581.7$cEcologia vegetale, piante caratteristiche di specifici ambienti$v22 676 $a571.2$cFisiologia vegetale$v22 676 $a572.5672$cBiochimica delle piante$v22 676 $a578.01$cTassonomia$v22 702 1$aKhan$bM. Iqbal R.$3VANV242918 702 1$aKhan$bNafees A.$3VANV228079 712 $aSpringer $3VANV108073$4650 790 1$aKhan, M. I. R$zKhan, M. Iqbal R.$3VANV242919 790 1$aKhan, M.I.R$zKhan, M. Iqbal R.$3VANV242920 790 1$aKhan, Nafees Ahmad$zKhan, Nafees A.$3VANV239941 790 1$aKhan, N. A.$zKhan, Nafees A.$3VANV239942 790 1$aKhan, N.A.$zKhan, Nafees A.$3VANV239943 801 $aIT$bSOL$c20251003$gRICA 856 4 $uhttps://link.springer.com/openurl?genre=book&isbn=978-981-10-5254-5$zE-book - Accesso al full-text attraverso riconoscimento IP di Ateneo, proxy e/o Shibboleth 899 $aBIBLIOTECA DEL DIPARTIMENTO DI SCIENZE E TECNOLOGIE AMBIENTALI BIOLOGICHE E FARMACEUTICHE$1IT-CE0101$2VAN17 912 $fN 912 $aVAN00288311 950 $aBIBLIOTECA DEL DIPARTIMENTO DI SCIENZE E TECNOLOGIE AMBIENTALI BIOLOGICHE E FARMACEUTICHE$d17CONS e-book 178 $e17BIB178/508 508 20250305 996 $aReactive Oxygen Species and Antioxidant Systems in Plants: Role and Regulation under Abiotic Stress$92234092 997 $aUNICAMPANIA